书目信息 |
| 题名: |
多样的世界
|
|
| 作者: | 周洪宇 , 刘训华 著 | |
| 分册: | ||
| 出版信息: | 福州 福建教育出版社 2014.10 |
|
| 页数: | 18,389页 | |
| 开本: | 24cm | |
| 丛书名: | 教育生活史研究丛书 | |
| 单 册: | ||
| 中图分类: | G529.5 | |
| 科图分类: | ||
| 主题词: | 教育史--生活史--中国--近现代 , 教育史 , 生活史 | |
| 电子资源: | ||
| ISBN: | 978-7-5334-6556-8 | |
| 000 | 01202oam2 2200325 450 | |
| 001 | 0120141432446 | |
| 005 | 20160512145714.03 | |
| 010 | @a978-7-5334-6556-8@dCNY58.00 | |
| 100 | @a20141122d2014 em y0chiy0110 ea | |
| 101 | 0 | @achi |
| 102 | @aCN@b350000 | |
| 105 | @aa z 000yy | |
| 106 | @ar | |
| 200 | 1 | @a多样的世界@9duo yang de shi jie@e教育生活史研究引论@f周洪宇,刘训华著 |
| 210 | @a福州@c福建教育出版社@d2014.10 | |
| 215 | @a18,389页@c图@d24cm | |
| 225 | 2 | @a教育生活史研究丛书 |
| 300 | @a梦山书系 | |
| 330 | @a本书分理论探索篇和生活叙事篇,在参照国内外生活史理论研究的基础上,形成具有中国教育史学新特点的教育生活史理论创建,同时为近现代和当代的校长、教师、学生的生活史研究提供具体范式。主要内容包括:教育生活史的基本内涵;史料、方法和表现状态等。 | |
| 333 | @a教育史相关研究人员 | |
| 461 | 0 | @12001 @a教育生活史研究丛书 |
| 517 | 1 | @a教育生活史研究引论@9jiao yu sheng huo shi yan jiu yin lun |
| 606 | 0 | @a教育史@x生活史@y中国@z近现代 |
| 606 | 0 | @a教育史 |
| 606 | 0 | @a生活史 |
| 690 | @aG529.5@v5 | |
| 701 | 0 | @a周洪宇@9zhou hong yu@f(1958-)@4著 |
| 701 | 0 | @a刘训华@9liu xun hua@f(1978-)@4著 |
| 801 | 0 | @aCN@b人天书店@c20141122 |
| 905 | @b875332-37@dG529.5@e191@f6 | |
| 多样的世界:教育生活史研究引论/周洪宇,刘训华著.-福州:福建教育出版社,2014.10 |
| 18,389页:图;24cm.-(教育生活史研究丛书) |
| 梦山书系.-使用对象:教育史相关研究人员 |
| ISBN 978-7-5334-6556-8:CNY58.00 |
| 本书分理论探索篇和生活叙事篇,在参照国内外生活史理论研究的基础上,形成具有中国教育史学新特点的教育生活史理论创建,同时为近现代和当代的校长、教师、学生的生活史研究提供具体范式。主要内容包括:教育生活史的基本内涵;史料、方法和表现状态等。 |
| ● |
| 相关链接 |
|
|
|
|
正题名:多样的世界
索取号:G529.5/191
 
预约/预借
| 序号 | 登录号 | 条形码 | 馆藏地/架位号 | 状态 | 备注 |
| 1 | 875332 | 208753320 | 第一样本阅览室/ [索取号:G529.5/191] | 在馆 | |
| 2 | 875333 | 208753339 | 教育系资料室/ [索取号:G529.5/191] | 在馆 | |
| 3 | 875334 | 208753348 | 教育系资料室/ [索取号:G529.5/191] | 在馆 | |
| 4 | 875335 | 208753357 | 教育系资料室/ [索取号:G529.5/191] | 在馆 | |
| 5 | 875336 | 208753366 | 第四借阅区/ [索取号:G529.5/191] | 在馆 | |
| 6 | 875337 | 208753375 | 第四借阅区/ [索取号:G529.5/191] | 在馆 |